000 00261nam a2200097Ia 4500
001 1197283
005 20250827021823.0
008 250824s9999 xx 000 0 und d
245 0 _aEYVALLAH BİRLİK DÜKKANI
_cHİKMET ANIL ÖZTEKİN
260 _bDESTEK YAYINLARI
999 _c1197283
_d1197283